Statistiche per Riconosci la Squadra di calcio - Quiz n°251

Clicka qui per fare il quiz!

Statistiche generali

  • Questo quiz è stato fatto 3 volte
  • Il punteggio medio è 5 su 12

Statistiche sulle risposte

IndizioRisposta% Corretto
Titoli nazionali0
100%
Colori socialiBianco, celeste
100%
Trofei nazionali1 Supercoppa di Lega di Serie C
1 Coppa Italia Dilettanti
67%
Capienza Stadio7 500 posti
67%
Divisione nazionale 2023-2024Quarta
67%
Trofei internazionali0
33%
Fondazione1909
33%
Rifondazione2009
33%
ConfederazioneUEFA
33%
Rifondazione2013
0%
Rifondazione2019
0%
SquadraTreviso
0%

Distribuzione punteggi

Percentile per numero di risposta

Percentuale di utenti per punteggio

I tuoi punteggi nel tempo

Non hai fatto questo quiz